| 000 | 00572nam a22001817a 4500 | ||
|---|---|---|---|
| 003 | SISC | ||
| 005 | 20160406081618.0 | ||
| 008 | 130906t xxu||||| |||| 00| 0 eng d | ||
| 020 | _a9718838015 | ||
| 050 |
_aHD 5701 _b.En61 1993 |
||
| 082 |
_aHS 658.4 _bD54 1993 |
||
| 245 |
_aEnterpreneurial competency training : _binstructor's manual / _cPaz H. Diaz, writer-editor |
||
| 260 |
_aQuezon City, Phillipines : _bInstitute for Small-Seale industries, _cc1993. |
||
| 300 |
_a134 p. : _bill. ; _c28 cm. |
||
| 650 |
_aManagement _9446 |
||
| 942 |
_2lcc _cBK |
||
| 999 |
_c10480 _d10480 |
||